[Event "Extraliga 2004"]
[Site "Dzwirzyno"]
[Date "2004.??.??"]
[Round "?"]
[White "Jakubiec, Artur"]
[Black "Kveinys, Aloyzas"]
[Result "0-1"]
[WhiteElo "2532"]
[BlackElo "2550"]
[PlyCount "168"]
[EventDate "2004.09.04"]
[Source "Roberto Alvarez"]
[SourceDate "2004.10.05"]

1. f4 d5 2. Nf3 g6 3. g3 c6 4. Bg2 Qb6 5. Na3 Bg7 6. c4 Nf6 7. Qb3 Na6 8. Qxb6 axb6 9. Ne5 O-O 10. O-O Be6 11. d3 Nc5 12. Bd2 Rfd8 13. cxd5 Bxd5 14. Nac4 Nfd7 15. Bb4 Bxg2 16. Kxg2 b5 17. Nb6 Nxb6 18. Bxc5 Na4 19. Ba3 e6 20. Rfc1 Bxe5 21. fxe5 Rd5 22. Bd6 f6 23. b3 Nb6 24. Bc7 Nd7 25. exf6 Nxf6 26. a4 Nd7 27. a5 Nc5 28. e4 Rd7 29. Rxc5 Rxc7 30. Kf3 b6 31. Re5 Rxa5 32. Rxa5 bxa5 33. Rxe6 Kf7 34. Re5 Ra7 35. Rc5 Ra6 36. Rc2 a4 37. bxa4 bxa4 38. Ke3 a3 39. Ra2 c5 40. Kd2 Ke6 41. Kc3 Ke5 42. Kc4 Ra5 43. Kc3 g5 44. h4 gxh4 45. gxh4 h5 46. Kb3 Kd4 47. Rxa3 Rxa3+ 48. Kxa3 Kxd3 49. e5 c4 50. e6 c3 51. e7 c2 52. e8=Q c1=Q+ 53. Kb3 Qc4+ 54. Kb2 Qxh4 55. Qg6+ Ke3 56. Qe8+ Kf2 57. Qf7+ Kg1 58. Kc3 Qg3+ 59. Kb4 h4 60. Qa7+ Kh2 61. Qa2+ Qg2 62. Qe6 Qd2+ 63. Ka4 Qd4+ 64. Ka5 h3 65. Qe2+ Kg3 66. Qe1+ Qf2 67. Qe5+ Qf4 68. Qe1+ Kg4 69. Qg1+ Kh5 70. Ka6 h2 71. Qg2 Qe5 72. Kb6 Kh6 73. Qh3+ Kg6 74. Qg2+ Kf6 75. Qf3+ Ke7 76. Qb7+ Ke6 77. Qc8+ Kd5 78. Qa8+ Kd4 79. Qa1+ Ke4 80. Qe1+ Kf5 81. Qf1+ Qf4 82. Qh3+ Ke4 83. Qg2+ Kd3 84. Ka7 Qd4+ 0-1

[Event "M.003 IECG email"]
[Site "M.003 IECG email"]
[Date "1995.??.??"]
[Round "?"]
[White "Gather, Juergen"]
[Black "Szrama, Arthur A"]
[Result "1/2-1/2"]
[WhiteElo "2740"]
[BlackElo "2340"]
[PlyCount "27"]
[EventDate "1995.??.??"]
[Source "www.chesslib.no"]
[SourceDate "2004.05.04"]

1. f4 d5 2. b3 Bg4 3. Bb2 Nc6 4. h3 Bh5 5. g4 e6 6. Nf3 Bg6 7. e3 f6 8. Bb5 Nge7 9. g5 fxg5 10. Nxg5 Qd7 11. Qg4 Bf5 12. Qh5+ Bg6 13. Qg4 Bf5 14. Qh5+ 1/2-1/2

[Event "Torshavn op 3rd"]
[Site "Torshavn"]
[Date "2000.10.10"]
[Round "5"]
[White "Danielsen, Henrik"]
[Black "Stefansson, Hannes"]
[Result "0-1"]
[WhiteElo "2519"]
[BlackElo "2557"]
[PlyCount "86"]
[EventDate "2000.10.06"]
[Source "ChessBase"]
[SourceDate "2000.11.10"]

1. f4 d5 2. Nf3 Nf6 3. g3 g6 4. Bg2 Bg7 5. O-O O-O 6. c3 b6 7. a4 c5 8. Ne5 Ba6 9. b4 Nbd7 10. d3 e6 11. Na3 Qc7 12. d4 Rfc8 13. Bd2 Ne4 14. b5 Nxd2 15. Qxd2 Bb7 16. Rac1 Nf6 17. e3 Qe7 18. Qb2 Ne4 19. Bxe4 dxe4 20. Rfd1 Rc7 21. a5 bxa5 22. Nec4 cxd4 23. exd4 Bf8 24. Ra1 Rac8 25. b6 axb6 26. Nxb6 Rxc3 27. Nxc8 Rxc8 28. Nc2 Ra8 29. Rdb1 Bd5 30. Qb6 a4 31. Ne3 a3 32. Rb5 Qd7 33. Ng4 Be7 34. Ra5 Rxa5 35. Qxa5 Qb7 36. Qa4 Kg7 37. Ne5 e3 38. Qe8 Bd6 39. Rf1 a2 40. h4 Bxe5 41. fxe5 a1=Q 42. Rxa1 Qb2 43. Ra8 Qf2# 0-1

[Event "Jonsson Mem Open, Reykjavik ISL"]
[Site "?"]
[Date "2001.??.??"]
[Round "4"]
[White "Danielsen, Hen"]
[Black "Schandorff, L."]
[Result "0-1"]
[WhiteElo "2525"]
[BlackElo "2550"]
[PlyCount "110"]
[EventDate "2001.??.??"]
[Source "www.chesslib.no"]
[SourceDate "2004.05.04"]

1. f4 d5 2. Nf3 g6 3. g3 Bg7 4. Bg2 Nf6 5. O-O O-O 6. d3 c5 7. c3 b6 8. e4 dxe4 9. dxe4 Ba6 10. Re1 Qxd1 11. Rxd1 Nc6 12. e5 Ng4 13. Ng5 Rfd8 14. Re1 Rac8 15. Na3 h6 16. Ne4 h5 17. h3 Nh6 18. Be3 f6 19. exf6 exf6 20. Rad1 Nf5 21. Bf2 Rxd1 22. Rxd1 Rd8 23. Rd5 Kf8 24. Nxc5 bxc5 25. Bxc5+ Kf7 26. g4 hxg4 27. hxg4 Nfe7 28. Rxd8 Nxd8 29. Bxa7 f5 30. g5 Ke6 31. Kf2 Nd5 32. Kg3 Bd3 33. Bf2 Bf8 34. c4 Nb4 35. b3 Nxa2 36. Nb5 Kd7 37. Be3 Ne6 38. Bd5 Nb4 39. Bxe6+ Kxe6 40. Nd4+ Kf7 41. Bd2 Bc5 42. Nf3 Nc6 43. b4 Bxb4 44. Bxb4 Nxb4 45. Ne5+ Kg7 46. Kf2 Be4 47. Ke3 Nc6 48. Nxc6 Bxc6 49. Kd4 Kf7 50. Kc5 Ba4 51. Kd6 Ke8 52. Kc7 Ke7 53. c5 Ke6 54. Kd8 Kd5 55. Ke7 Bd1 0-1

[Event "BL2-Nord 0001"]
[Site "Germany"]
[Date "2000.12.10"]
[Round "3.1"]
[White "Blatny, Pavel"]
[Black "Levin, Felix"]
[Result "1/2-1/2"]
[WhiteElo "2535"]
[BlackElo "2528"]
[PlyCount "65"]
[EventDate "2000.10.15"]
[Source "ChessBase"]
[SourceDate "2001.07.03"]

1. b3 d5 2. Bb2 Nf6 3. e3 g6 4. f4 Bg7 5. Nf3 O-O 6. Be2 c5 7. O-O Nc6 8. Ne5 Bd7 9. Bf3 Rc8 10. Qe2 e6 11. a4 Nxe5 12. fxe5 Ne8 13. d4 f6 14. dxc5 fxe5 15. e4 dxe4 16. Bxe4 Rxf1+ 17. Kxf1 Rxc5 18. c4 Nd6 19. Nc3 Rc7 20. Rd1 Qf8+ 21. Kg1 Nf5 22. Rf1 Qb4 23. g4 Nd4 24. Qe3 Qc5 25. Kh1 Nxb3 26. Qg5 Rc8 27. Nd5 Re8 28. Nf6+ Bxf6 29. Rxf6 Bc6 30. Rxg6+ hxg6 31. Qxg6+ Kf8 32. Qf6+ Kg8 33. Qg6+ 1/2-1/2

[Event "Gausdal"]
[Site "?"]
[Date "1994.??.??"]
[Round "?"]
[White "Karlsson, L."]
[Black "Kindermann, S."]
[Result "0-1"]
[WhiteElo "2520"]
[BlackElo "2535"]
[PlyCount "46"]
[EventDate "1994.??.??"]
[Source "ChessBase"]
[SourceDate "1994.02.01"]

1. f4 d5 2. Nf3 g6 3. e3 Bg7 4. Be2 Nf6 5. O-O O-O 6. Qe1 c5 7. d3 Nc6 8. Bd1 Re8 9. Qg3 e5 10. Nxe5 Nxe5 11. fxe5 Rxe5 12. e4 Re8 13. exd5 Nxd5 14. Qf3 Bf5 15. c3 Nf6 16. Bc2 c4 17. Qxb7 cxd3 18. Bb3 Re7 19. Qb4 Re2 20. Bd1 Rb8 21. Qc5 Ne4 22. Qxa7 Ra8 23. Qb7 Bd4+ 0-1

[Event "VIII Int Rapid"]
[Site "El Sauzal ESP"]
[Date "2007.11.04"]
[Round "7"]
[White "Garcia Padron, Jo"]
[Black "Mchedlishvili, M."]
[Result "0-1"]
[WhiteElo "2420"]
[BlackElo "2631"]
[PlyCount "72"]
[EventDate "2007.11.03"]
[Source "www.chesslib.no"]
[SourceDate "2004.05.04"]

1. f4 d5 2. Nf3 c6 3. e3 g6 4. d4 Bf5 5. Bd3 e6 6. Be2 Nd7 7. Nbd2 h5 8. O-O Bd6 9. Ne5 Ngf6 10. Bd3 c5 11. Ndf3 c4 12. Bxf5 exf5 13. Bd2 Ne4 14. Be1 Qc7 15. Bh4 Rc8 16. c3 Kf8 17. Nd2 Nxd2 18. Qxd2 Kg7 19. h3 f6 20. Nf3 Rce8 21. Rae1 Nb6 22. Kf2 Qd7 23. Rg1 Bc7 24. Kf1 Nc8 25. Qd1 Nd6 26. Nd2 Kf7 27. Bf2 b5 28. a3 a5 29. Qf3 Qe6 30. Ra1 Reg8 31. Ke2 Ra8 32. g4 hxg4 33. hxg4 fxg4 34. Rxg4 Nf5 35. Rag1 Rh6 36. Qg2 Rg8 0-1

[Event "Groningen Open"]
[Site "Groningen NED"]
[Date "1990.??.??"]
[Round "7"]
[White "Beim, Valery"]
[Black "Tukmakov, Vladimir B"]
[Result "1/2-1/2"]
[WhiteElo "2480"]
[BlackElo "2570"]
[PlyCount "38"]
[EventDate "1990.12.??"]
[Source "www.chesslib.no"]
[SourceDate "2004.05.04"]

1. g3 d5 2. f4 g6 3. Nf3 Bg7 4. Bg2 c6 5. O-O Qb6+ 6. d4 Nh6 7. c3 O-O 8. Qb3 Nf5 9. Ne5 Nd6 10. Nd2 f6 11. Nd3 Bf5 12. Nf2 Nd7 13. e4 Be6 14. Re1 Rfe8 15. exd5 Qxb3 16. axb3 Bxd5 17. Bh3 Nf5 18. c4 Bf7 19. Nf3 a6 1/2-1/2

[Event "Open"]
[Site "?"]
[Date "1999.07.01"]
[Round "6"]
[White "Komljenovic Davor"]
[Black "Campora Daniel H"]
[Result "0-1"]
[WhiteElo "2496"]
[BlackElo "2553"]
[PlyCount "30"]
[EventDate "1999.??.??"]
[Source "www.chesslib.no"]
[SourceDate "2004.05.04"]

1. g3 d5 2. f4 h5 3. Nf3 h4 4. gxh4 Nc6 5. Bg2 Bg4 6. c4 Bxf3 7. Bxf3 e6 8. cxd5 exd5 9. Qa4 Qxh4+ 10. Kd1 Nf6 11. Nc3 O-O-O 12. d3 Bc5 13. Bd2 Bb6 14. Rc1 Kb8 15. Be1 Qh3 0-1

[Event "National Open"]
[Site "Las Vegas"]
[Date "2004.06.19"]
[Round "4"]
[White "Blatny, Pavel"]
[Black "Fridman, Daniel"]
[Result "0-1"]
[WhiteElo "2451"]
[BlackElo "2594"]
[PlyCount "82"]
[EventDate "2004.06.18"]
[Source "Roberto Alvarez"]
[SourceDate "2004.06.28"]

1. b3 d5 2. e3 Nf6 3. Bb2 g6 4. Be2 Bg7 5. f4 O-O 6. Nf3 c5 7. O-O Nc6 8. Ne5 Nxe5 9. Bxe5 Ne8 10. Bxg7 Nxg7 11. d4 Qa5 12. g4 Bd7 13. Qd3 cxd4 14. exd4 b5 15. a4 b4 16. Qe3 Rac8 17. Ra2 Qb6 18. a5 Qf6 19. c4 bxc3 20. Nxc3 Qd6 21. Na4 f5 22. Nc5 fxg4 23. b4 Rb8 24. Qe5 Bb5 25. a6 Qxe5 26. fxe5 Rxf1+ 27. Kxf1 Bxe2+ 28. Kxe2 Rxb4 29. Kd3 Kf7 30. e6+ Kf6 31. Kc3 Rc4+ 32. Kd3 Rb4 33. Kc3 Rc4+ 34. Kd3 Nf5 35. Rb2 Rxd4+ 36. Ke2 Rc4 37. Nd7+ Kxe6 38. Rb7 Nd4+ 39. Kf2 Nc6 40. Kg3 h5 41. Kh4 Kf5 0-1

[Event "Corr"]
[Site "?"]
[Date "1998.03.01"]
[Round "?"]
[White "Trapl Jindrich"]
[Black "Jardorf Sven (DEN)"]
[Result "1/2-1/2"]
[WhiteElo "2556"]
[BlackElo "2484"]
[PlyCount "48"]
[EventDate "1998.??.??"]
[Source "www.chesslib.no"]
[SourceDate "2004.05.04"]

1. f4 d5 2. Nf3 Nf6 3. e3 g6 4. b4 Bg7 5. Bb2 O-O 6. Be2 Bg4 7. a4 Qd6 8. b5 c5 9. bxc6 bxc6 10. O-O Nbd7 11. c4 Bxf3 12. Bxf3 Rfb8 13. Qc2 e5 14. cxd5 cxd5 15. Ba3 Qe6 16. Nc3 Rc8 17. Qa2 e4 18. Bd1 Nb6 19. Bb3 Nc4 20. Rac1 Nxa3 21. Qxa3 Qd7 22. Ne2 Bf8 23. Qb2 Bg7 24. Qa3 Bf8 1/2-1/2

[Event "It (Men) Gausdal NOR"]
[Site "?"]
[Date "2006.04.29"]
[Round "7"]
[White "Karlsson Lars"]
[Black "Kveinys Aloyzas"]
[Result "0-1"]
[WhiteElo "2506"]
[BlackElo "2532"]
[PlyCount "61"]
[EventDate "2006.??.??"]
[Source "www.chesslib.no"]
[SourceDate "2004.05.04"]

1. f4 d5 2. Nf3 g6 3. e3 Bg7 4. Be2 Nd7 5. d4 Nh6 6. c4 dxc4 7. Na3 O-O 8. e4 e6 9. Nxc4 b5 10. Ne3 c5 11. e5 Bb7 12. dxc5 Nxc5 13. b4 Bxf3 14. bxc5 Qxd1+ 15. Kxd1 Bc6 16. Rb1 Rfd8+ 17. Ke1 Bf8 18. Ba3 a5 19. Rc1 Rd4 20. Bb2 Rxf4 21. Rf1 Ra4 22. a3 Nf5 23. Nxf5 gxf5 24. g4 fxg4 25. Rg1 h5 26. h3 Rd8 27. hxg4 h4 28. Rc3 b4 29. axb4 axb4 30. Rc4 h3 31. Rc3 0-1

[Event "Capablanca mem Elite"]
[Site "Havana"]
[Date "1999.05.08"]
[Round "2"]
[White "Comas Fabrego, Luis"]
[Black "De la Paz, Frank"]
[Result "0-1"]
[WhiteElo "2541"]
[BlackElo "2495"]
[PlyCount "50"]
[EventDate "1999.05.??"]
[Source "ChessBase"]
[SourceDate "1999.08.01"]

1. g3 g6 2. Bg2 Bg7 3. f4 d5 4. Nf3 Nf6 5. O-O O-O 6. d3 c5 7. Nc3 Nc6 8. h3 d4 9. Ne4 Nxe4 10. dxe4 e5 11. f5 gxf5 12. exf5 e4 13. Ng5 e3 14. Ne4 Be5 15. c3 b6 16. cxd4 cxd4 17. b3 Ba6 18. Ba3 Re8 19. Rc1 Rc8 20. f6 Qd7 21. Kh2 Kh8 22. h4 Qg4 23. Bf3 Qxh4+ 24. Kg2 Rg8 25. Qe1 Bxe2 0-1

[Event "Ubeda op"]
[Site "Ubeda"]
[Date "1998.01.23"]
[Round "4"]
[White "Movsziszian, Karen"]
[Black "Arencibia, Walter"]
[Result "0-1"]
[WhiteElo "2500"]
[BlackElo "2535"]
[PlyCount "90"]
[EventDate "1998.01.20"]
[Source "ChessBase"]
[SourceDate "1998.03.09"]

1. g3 d5 2. Bg2 Nf6 3. f4 g6 4. Nf3 Bg7 5. O-O O-O 6. d3 c5 7. Nc3 d4 8. Ne4 Qc7 9. h3 Nd5 10. Nh4 f5 11. c4 Nf6 12. Ng5 Nc6 13. a3 a5 14. Rb1 Qd6 15. Kh2 Bd7 16. e4 dxe3 17. Bxe3 Be8 18. Re1 h6 19. Ngf3 Nh5 20. b4 axb4 21. axb4 cxb4 22. d4 g5 23. c5 Qc7 24. d5 gxh4 25. Nxh4 Nd8 26. Bf3 Ra2+ 27. Re2 Qa5 28. Bf2 Bc3 29. Kg1 Ng7 30. Ng2 Rxe2 31. Qxe2 Bb5 32. Qxe7 Re8 33. Qh4 Qa2 34. Rd1 Be2 35. Bxe2 Qxe2 36. Rf1 Nf7 37. g4 b3 38. Qg3 b2 39. Qxc3 Qxf1+ 40. Kxf1 b1=Q+ 41. Be1 fxg4 42. hxg4 Qd1 43. d6 Qxg4 44. Qb4 Qf3+ 45. Kg1 Re2 0-1

[Event "Baden-Baden"]
[Site "Baden-Baden"]
[Date "1985.??.??"]
[Round "9"]
[White "Ermenkov, Evgenij"]
[Black "Farago, Ivan"]
[Result "1/2-1/2"]
[WhiteElo "2520"]
[BlackElo "2510"]
[PlyCount "80"]
[EventDate "1985.07.??"]
[Source "ChessBase"]

1. g3 d5 2. Bg2 c6 3. f4 g6 4. Nf3 Bg7 5. d3 Nh6 6. c3 O-O 7. Na3 Bg4 8. O-O Nd7 9. Nc2 Qb6+ 10. Kh1 Rad8 11. Qe1 Rfe8 12. b4 Bxf3 13. Bxf3 e5 14. Be3 Qc7 15. Qd2 Nf5 16. Bg1 exf4 17. gxf4 Nh4 18. Bg4 Nf6 19. Bh3 Qe7 20. Nd4 Nh5 21. Rae1 f5 22. Bf2 Bf6 23. Rg1 Kh8 24. Ref1 a6 25. a3 Rg8 26. Qc1 Rde8 27. e3 h6 28. Qd1 Qf7 29. Re1 Ng7 30. Re2 Ne6 31. Rge1 Re7 32. Nxe6 Rxe6 33. e4 dxe4 34. dxe4 Rxe4 35. Rxe4 fxe4 36. Rxe4 Rd8 37. Qe2 Nf5 38. c4 Kh7 39. Bg2 Qd7 40. h3 Qd1+ 1/2-1/2

[Event "Dresden Open"]
[Site "Dresden GER"]
[Date "1995.??.??"]
[Round "?"]
[White "Movsziszian, Karen"]
[Black "Lutz, Christopher"]
[Result "0-1"]
[WhiteElo "2470"]
[BlackElo "2560"]
[PlyCount "76"]
[EventDate "1995.07.??"]
[Source "www.chesslib.no"]
[SourceDate "2004.05.04"]

1. g3 d5 2. Bg2 c6 3. f4 g6 4. Nf3 Bg7 5. c3 Qb6 6. h3 Nf6 7. Qb3 Na6 8. d3 O-O 9. Nbd2 Nc5 10. Qc2 a5 11. Nf1 Qc7 12. Be3 Ncd7 13. N1d2 Nh5 14. Bf2 e5 15. e3 exf4 16. gxf4 b6 17. O-O c5 18. Rfe1 Bb7 19. Nf1 b5 20. Ng3 Nxg3 21. Bxg3 b4 22. e4 bxc3 23. bxc3 c4 24. d4 dxe4 25. Ng5 Rae8 26. Nxe4 Bh6 27. f5 Bxe4 28. Bxc7 Bxc2 29. fxg6 hxg6 30. Bxa5 Re3 31. Bc6 Nf6 32. Rxe3 Bxe3+ 33. Kg2 Rc8 34. Bb5 Be4+ 35. Kf1 Nd5 36. Ke2 Bh6 37. a4 f5 38. Bd7 Rb8 0-1

[Event "Hamburg-chI"]
[Site "Hamburg"]
[Date "1998.06.05"]
[Round "8"]
[White "Movsziszian, Karen"]
[Black "Slobodjan, Roman"]
[Result "1/2-1/2"]
[WhiteElo "2500"]
[BlackElo "2530"]
[PlyCount "153"]
[EventDate "1998.05.29"]
[Source "ChessBase"]
[SourceDate "1998.07.07"]

1. g3 d5 2. Bg2 c6 3. f4 g6 4. Nf3 Qb6 5. a4 a5 6. d4 Nf6 7. O-O Bg7 8. Na3 O-O 9. h3 Ne4 10. Kh2 Nd6 11. b3 Bf5 12. Be3 Be4 13. Bf2 Qd8 14. c4 Nd7 15. Rc1 e6 16. Rg1 Qe8 17. Bf1 f5 18. c5 Nf7 19. Nb1 Bxb1 20. Rxb1 Nf6 21. Be1 Ne4 22. e3 Qd7 23. Rg2 Rfb8 24. b4 axb4 25. Rxb4 Bf6 26. Rb1 Bd8 27. Rgb2 Ra7 28. Bd3 Bc7 29. Ra1 Rba8 30. Qb1 Qc8 31. a5 Nd8 32. Rba2 Kg7 33. Kg2 Nf7 34. Bb4 h6 35. Qe1 Qd8 36. Kh2 g5 37. Bxe4 dxe4 38. Ng1 Kh7 39. Ne2 Nh8 40. Bc3 Ng6 41. Qd2 Ne7 42. Qe1 Nd5 43. Bd2 Qd7 44. Rb1 Rg8 45. Rab2 Bd8 46. Nc3 Nf6 47. Na4 Rg7 48. Nb6 Bxb6 49. Rxb6 Nd5 50. R6b2 Qf7 51. Qf2 Qh5 52. Be1 Nf6 53. Qe2 Qg6 54. Rb3 Nd5 55. Qf2 Qh5 56. R1b2 Qf7 57. Qc2 Qg6 58. Qf2 Qf6 59. Qd2 h5 60. h4 gxh4 61. gxh4 Kh6 62. Qf2 Qf7 63. Qf1 Nf6 64. Kh3 Qg8 65. Rg2 Rg4 66. Rbb2 Nd5 67. Qg1 Qg7 68. Kh2 Qe7 69. Rxg4 hxg4 70. Qf2 Ra8 71. Qc2 Kg6 72. Kg1 Kh5 73. Rb3 Qc7 74. Qb2 Ra7 75. Qd2 Ra8 76. Qb2 Ra7 77. Qd2 1/2-1/2

[Event "M.003 IECG email"]
[Site "M.003 IECG email"]
[Date "1995.??.??"]
[Round "?"]
[White "Gather, Juergen"]
[Black "Oortwijn, Ron A"]
[Result "1-0"]
[WhiteElo "2740"]
[BlackElo "2290"]
[PlyCount "73"]
[EventDate "1995.??.??"]
[Source "www.chesslib.no"]
[SourceDate "2004.05.04"]

1. f4 d5 2. b3 Bg4 3. Bb2 Nc6 4. h3 Bh5 5. g4 e6 6. Nf3 Bg6 7. e3 d4 8. Bb5 dxe3 9. Qe2 h5 10. g5 Nge7 11. dxe3 a6 12. Bxc6+ Nxc6 13. a3 Qd6 14. Nc3 e5 15. Nh4 Qe6 16. O-O-O Rd8 17. Qf3 exf4 18. Nxg6 Rxd1+ 19. Rxd1 Qxg6 20. exf4 Bd6 21. Re1+ Kd7 22. Ne4 Rd8 23. f5 Qh7 24. Nxd6 cxd6 25. Qd5 Qg8 26. f6 g6 27. Be5 Qf8 28. Bf4 Kc7 29. Kb2 Rd7 30. a4 Qd8 31. Rd1 Na7 32. Qc4+ Nc6 33. Qd5 Na7 34. Bxd6+ Rxd6 35. Qxf7+ Kb6 36. a5+ Kxa5 37. b4+ 1-0

[Event "FRA-chT 9900"]
[Site "?"]
[Date "2000.04.01"]
[Round "6.1"]
[White "Bezold Michael"]
[Black "Flear Glenn C"]
[Result "0-1"]
[WhiteElo "2508"]
[BlackElo "2519"]
[PlyCount "86"]
[EventDate "2000.??.??"]
[Source "www.chesslib.no"]
[SourceDate "2004.05.04"]

1. g3 d5 2. Bg2 Nf6 3. f4 g6 4. Nf3 Bg7 5. O-O O-O 6. d3 c5 7. Nc3 d4 8. Na4 Nbd7 9. c4 Rb8 10. Bd2 b6 11. b4 Bb7 12. Rb1 Qc7 13. Qc2 Ba8 14. bxc5 bxc5 15. Rxb8 Rxb8 16. e4 dxe3 17. Bxe3 Ng4 18. Bc1 Nh6 19. Be3 Nf5 20. Bf2 Bc6 21. Nc3 Qa5 22. Nd1 Ba4 23. Qe2 Bxd1 24. Rxd1 Rb2 25. Rd2 Qxa2 26. Rxb2 Qxb2 27. Qe4 Qa1+ 28. Bf1 Nd4 29. Ng5 h6 30. Nxf7 Kxf7 31. Qd5+ Ke8 32. Qa8+ Kf7 33. Qd5+ Ne6 34. Qxd7 Bd4 35. Qb7 a5 36. h4 Qe1 37. Bxd4 Qxg3+ 38. Bg2 cxd4 39. Qd5 Qe3+ 40. Kh1 Qc1+ 41. Kh2 Qxf4+ 42. Kg1 Qf5 43. Qa8 Nf4 0-1

[Event "3. Amplico AIG Life"]
[Site "?"]
[Date "2003.12.21"]
[Round "13"]
[White "Bartel Mateusz"]
[Black "Goloshchapov Alexander"]
[Result "1-0"]
[WhiteElo "2452"]
[BlackElo "2574"]
[PlyCount "59"]
[EventDate "2003.??.??"]
[Source "www.chesslib.no"]
[SourceDate "2004.05.04"]

1. g3 d5 2. Bg2 g6 3. f4 Bg7 4. Nf3 Nf6 5. O-O b6 6. Ne5 O-O 7. c4 e6 8. d4 Bb7 9. Nc3 c5 10. e3 Na6 11. b3 Qe7 12. Ba3 Rfd8 13. Qe2 Rac8 14. Rfd1 Nb4 15. Rac1 a5 16. Na4 Qc7 17. dxc5 bxc5 18. cxd5 Bxd5 19. Rxc5 Qa7 20. Rxc8 Rxc8 21. Bxd5 Nfxd5 22. Nc4 h5 23. Kg2 Qb7 24. e4 Nf6 25. Nd6 Qc7 26. Nxc8 Qxc8 27. Bb2 Qc6 28. Bxf6 Bxf6 29. Qc4 Qb7 30. Nc5 1-0

[Event "XXVIII Open internazionale"]
[Site "Benasque SPA"]
[Date "2008.07.05"]
[Round "3"]
[White "GENOCCHIO, Daniele"]
[Black "RODSHTEIN, Maxim"]
[Result "0-1"]
[WhiteElo "2420"]
[BlackElo "2605"]
[PlyCount "54"]
[EventDate "2008.07.03"]
[Source "www.chesslib.no"]
[SourceDate "2004.05.04"]

1. f4 Nf6 2. Nf3 g6 3. b3 Bg7 4. Bb2 O-O 5. e3 c5 6. Be2 d5 7. O-O b6 8. Ne5 Bb7 9. Bf3 Nc6 10. c4 e6 11. Nc3 Ne7 12. Qe1 a6 13. Rd1 Qc7 14. Ba1 Rfd8 15. Ne2 Nd7 16. Nxd7 Rxd7 17. Bxg7 Kxg7 18. d4 dxc4 19. Qc3 Kg8 20. dxc5 Rxd1 21. Rxd1 Bxf3 22. cxb6 Qxb6 23. gxf3 Nd5 24. Qd4 Qxd4 25. Rxd4 cxb3 26. axb3 Nxe3 27. Ra4 Nd5 0-1

[Event "EU-chT5 corr9498"]
[Site "?"]
[Date "1994.??.??"]
[Round "3.1"]
[White "Halamus, Hieronim"]
[Black "Lanc, Alois"]
[Result "0-1"]
[WhiteElo "2435"]
[BlackElo "2590"]
[PlyCount "82"]
[EventDate "1994.??.??"]
[Source "www.chesslib.no"]
[SourceDate "2004.05.04"]

1. f4 d5 2. Nf3 Nf6 3. g3 g6 4. Bg2 Bg7 5. O-O b6 6. c4 dxc4 7. Ne5 c6 8. Nxc6 Nxc6 9. Bxc6+ Bd7 10. Bg2 h5 11. h3 Qc8 12. Bxa8 Qxa8 13. h4 Qd5 14. Nc3 Qf5 15. e3 Bc6 16. Qe2 Qh3 17. Qh2 Qe6 18. Qe2 b5 19. a4 b4 20. Nb5 Qh3 21. Qh2 Qd7 22. Qe2 Be4 23. Nd4 Bd3 24. Qf3 Ne4 25. Re1 a5 26. Kh2 O-O 27. f5 Be5 28. Rg1 b3 29. Ne2 Qxf5 30. Qxf5 gxf5 31. Nc3 Kh7 32. Nd5 e6 33. Nf4 Bxf4 34. gxf4 Rg8 35. Rxg8 Kxg8 36. Kg2 f6 37. Kf3 e5 38. Kg2 Kf7 39. Kf3 Ke6 40. Kg2 Kd5 41. Kf3 Nc5 0-1

[Event "Dato Arthur Tan Malaysian Op"]
[Site "Kuala Lumpur MAS"]
[Date "2007.08.26"]
[Round "11"]
[White "Girinath, P."]
[Black "Adianto, U."]
[Result "1/2-1/2"]
[WhiteElo "2440"]
[BlackElo "2583"]
[PlyCount "129"]
[EventDate "2007.08.20"]
[Source "www.chesslib.no"]
[SourceDate "2004.05.04"]

1. f4 Nf6 2. Nf3 d5 3. g3 g6 4. b3 Bg7 5. Bb2 c5 6. Bg2 O-O 7. O-O d4 8. Na3 Nc6 9. e3 a5 10. Nc4 a4 11. Nfe5 Nxe5 12. fxe5 Ng4 13. exd4 cxd4 14. Qe2 Be6 15. Bxb7 a3 16. Nxa3 d3 17. Qg2 Ra7 18. Be4 Nxe5 19. Nb5 Rd7 20. c4 f5 21. Bxe5 Bxe5 22. Rae1 Bg7 23. Bxd3 Bf7 24. Be2 Rxd2 25. Rd1 Bh6 26. Rxd2 Qxd2 27. Bf3 Qb4 28. Qe2 Qc5+ 29. Kh1 e5 30. Bg2 e4 31. Rd1 Bg7 32. Qe1 Be5 33. Qg1 Qe7 34. Qe3 g5 35. g4 Bf4 36. Qe2 fxg4 37. Qxg4 e3 38. Nc3 Qe5 39. Nd5 Bg6 40. Re1 Qb2 41. Ne7+ Kg7 42. Nxg6 hxg6 43. c5 Qc3 44. Rd1 Qxc5 45. Bf3 Rf7 46. Qg2 Be5 47. Rd5 Qc1+ 48. Rd1 Qc3 49. Qe2 g4 50. Bg2 Rf2 51. Qxg4 Rd2 52. Rg1 Qd4 53. Qxd4 Bxd4 54. Re1 Rxa2 55. Bd5 Kf6 56. Bc4 Ke5 57. Re2 Ra1+ 58. Kg2 Kf4 59. h4 Rd1 60. Bd5 Bf6 61. Bf3 Bxh4 62. Rxe3 Rd4 63. Re2 g5 64. Rc2 g4 65. Bxg4 1/2-1/2

[Event "Altensteig"]
[Site "Altensteig"]
[Date "1995.??.??"]
[Round "5"]
[White "Bischoff, Klaus"]
[Black "Zueger, Beat"]
[Result "1/2-1/2"]
[WhiteElo "2550"]
[BlackElo "2470"]
[PlyCount "40"]
[EventDate "1995.08.??"]
[Source "ChessBase"]

1. f4 d5 2. Nf3 g6 3. c4 c6 4. e3 Bg7 5. Nc3 Nf6 6. d4 O-O 7. cxd5 cxd5 8. Ne5 b6 9. b3 Bb7 10. Ba3 Nbd7 11. Rc1 Rc8 12. Be2 a6 13. O-O Re8 14. Qd2 e6 15. Rc2 b5 16. Rfc1 Qb6 17. Bd3 Nxe5 18. fxe5 Nd7 19. Ne2 Bh6 20. Rxc8 Rxc8 1/2-1/2

[Event "I Quality Chess Rapid"]
[Site "Edinburgo SCO"]
[Date "2007.03.11"]
[Round "2.6"]
[White "Marin, Mihail"]
[Black "Brunello, Sabino"]
[Result "0-1"]
[WhiteElo "2549"]
[BlackElo "2468"]
[PlyCount "112"]
[EventDate "2007.03.10"]
[Source "www.chesslib.no"]
[SourceDate "2004.05.04"]

1. b3 d5 2. Bb2 Nf6 3. e3 c5 4. f4 Nc6 5. Bb5 Bd7 6. Nf3 e6 7. O-O Be7 8. Qe1 O-O 9. d3 Nb4 10. Bxd7 Nxd7 11. Qf2 Nc6 12. Nbd2 Bf6 13. Bxf6 Qxf6 14. Rac1 Nb4 15. a3 Na2 16. Rce1 Nc3 17. g3 e5 18. fxe5 Nxe5 19. Nxe5 Qxe5 20. Qf4 Rae8 21. a4 Na2 22. Qxe5 Rxe5 23. Nf3 Re7 24. Rf2 Rfe8 25. d4 cxd4 26. Nxd4 Rxe3 27. Rxe3 Rxe3 28. Rf5 Nb4 29. Kf2 Rc3 30. Re5 Kf8 31. Ke2 Nc6 32. Rxd5 Nxd4+ 33. Rxd4 Rxc2+ 34. Kd3 Rc7 35. Rd8+ Ke7 36. Ra8 a6 37. Kd4 Kd6 38. Rh8 h6 39. Rh7 f6 40. Rh8 Rd7 41. Rg8 Ke6+ 42. Kc5 f5 43. b4 Kf6 44. b5 axb5 45. axb5 g5 46. Rh8 Kg7 47. Rc8 f4 48. gxf4 gxf4 49. Kb6 f3 50. Rc2 Rf7 51. Rf2 Kg6 52. Kc5 Kg5 53. Kd4 Kg4 54. Ke3 Re7+ 55. Kd2 h5 56. Kd3 h4 0-1

[Event "Iona Tech Masters"]
[Site "Kilkenny"]
[Date "1998.11.27"]
[Round "2"]
[White "Bellin, Robert"]
[Black "Tiviakov, Sergei"]
[Result "1/2-1/2"]
[WhiteElo "2360"]
[BlackElo "2655"]
[PlyCount "82"]
[EventDate "1998.11.27"]
[Source "ChessBase"]
[SourceDate "1999.01.01"]

1. e3 Nf6 2. f4 d5 3. Nf3 g6 4. d4 Bg7 5. Bd3 c5 6. c3 b6 7. O-O O-O 8. Qe2 Bb7 9. Bd2 Qc8 10. Be1 Ba6 11. Nbd2 Bxd3 12. Qxd3 Qa6 13. Qxa6 Nxa6 14. a4 Rfc8 15. Bh4 e6 16. h3 Ne8 17. g4 Nd6 18. Bg3 f5 19. Ng5 Re8 20. Kg2 Rac8 21. Ngf3 Nb8 22. Ne5 Nc6 23. Nxc6 Rxc6 24. Bh4 a6 25. Rfe1 Kf7 26. Re2 Rb8 27. Bf2 c4 28. Be1 b5 29. Nf3 Ne4 30. axb5 Rxb5 31. g5 Rcb6 32. Ra2 Bf8 33. Ne5+ Ke8 34. h4 Bd6 35. Nf3 a5 36. Rc2 Ra6 37. Ra4 Rb8 38. Kf1 Kf7 39. Nd2 Nxd2+ 40. Rxd2 h5 41. Rc2 Ke7 1/2-1/2

[Event "Tel Aviv"]
[Site "Tel Aviv"]
[Date "1992.??.??"]
[Round "5"]
[White "Beim, Valery"]
[Black "Khenkin, Igor"]
[Result "1/2-1/2"]
[WhiteElo "2485"]
[BlackElo "2530"]
[PlyCount "37"]
[EventDate "1992.04.??"]
[Source "ChessBase"]

1. g3 d5 2. d3 g6 3. Bg2 Bg7 4. f4 Nf6 5. Nf3 O-O 6. O-O b6 7. Qe1 Bb7 8. Na3 Nbd7 9. h3 Ne8 10. g4 Nd6 11. Qg3 e6 12. c3 Qe7 13. Bd2 Rae8 14. Rae1 f6 15. Qh4 e5 16. fxe5 fxe5 17. Bg5 Nf6 18. Nd2 Qe6 19. Nc2 1/2-1/2